000 00287nam a22001217a 4500
082 _a153.4
_bCHA/N
100 _aCHATTERJEE,N.N
245 _aNEHRU'S THOUGHTS ON NATIONAL TOPICS
260 _aNEW DELHI
_bPUBLICATION DIVISION
300 _a98
650 _aTHOUGHTS
_zNEW DELHI
942 _cBK
999 _c3739
_d3739